000
00243nam a2200097Ia 4500
008
240331s9999 xx 000 0 und d
082
_b
FOU
100
_a
Cenwor. ed
245
0
_a
Fourth national convention on women's studies :
_b
women
942
_c
L
999
_c
5547
_d
5547